[Event "EUCup Gr"]
[Site "Pula"]
[Date "1994.??.??"]
[Round "2"]
[White "Cebalo, Miso"]
[Black "Frolov, Artur"]
[Result "1/2-1/2"]
[WhiteElo "2520"]
[BlackElo "2525"]

1.d4 Nf6 2.Nf3 b6 3.c4 e6 4.a3 Ba6 5.e3 d5 6.b3 Be7 7.Bd3 O-O 8.O-O c5 9.Bb2 cxd4
10.exd4 Nc6 11.Qe2 Rc8 12.Rd1 Na5 13.cxd5 Bxd3 14.Qxd3 Nxd5 15.Nbd2 Qd7 16.Ne5 Qb7
17.g3 Rfd8 18.Rac1 Nc6 19.Qf3 Nxe5 20.dxe5 Rxc1 21.Rxc1 Bg5 22.Rc2 Bxd2 23.Rxd2 b5
24.h4 Rc8 25.Qe4 a5 26.Rc2 h6 27.Bc1 Rc6 28.Bd2 a4 29.bxa4 bxa4 30.Rxc6 Qxc6
31.Bb4 Qc1+  1/2-1/2

[Event "Reggio Emilia9495"]
[Site "Reggio Emilia"]
[Date "1994.??.??"]
[Round "5"]
[White "Chernin, Alexander"]
[Black "Contin, Daniel"]
[Result "1-0"]
[WhiteElo "2615"]
[BlackElo "2425"]

1.d4 Nf6 2.c4 e6 3.Nf3 b6 4.a3 Bb7 5.Nc3 d5 6.Bg5 Be7 7.Qa4+ c6 8.Bxf6 Bxf6
9.cxd5 exd5 10.g3 O-O 11.Bg2 Re8 12.O-O Nd7 13.Rfd1 Nf8 14.Rac1 Ne6 15.e3 g6
16.h4 Qe7 17.Ne1 Red8 18.b4 a5 19.Qb3 axb4 20.axb4 Nc7 21.b5 Ra3 22.Qb2 Nxb5
23.Nxb5 cxb5 24.Qxb5 Ba6 25.Qxb6 Be2 26.Rc7 Ra6 27.Qxa6 Bxa6 28.Rxe7 Bxe7
29.Ra1 Bc4 30.Bf1 Bb4 31.Nd3 Be7 32.Ne5 Bxf1 33.Nc6 Rd7 34.Kxf1 Bf6 35.Ra5 Kg7
36.Nb4  1-0

[Event "ROM-chT"]
[Site "ROM"]
[Date "1994.??.??"]
[Round "?"]
[White "Radu, Stefan"]
[Black "Litinskaya, Marta I"]
[Result "0-1"]
[WhiteElo "2240"]
[BlackElo "2290"]

1.d4 Nf6 2.Nf3 e6 3.c4 b6 4.a3 Bb7 5.Bg5 Be7 6.e3 h6 7.Bxf6 Bxf6 8.Nc3 d6
9.Be2 Nd7 10.Rc1 O-O 11.O-O c5 12.Qd2 a6 13.Rfd1 Be7 14.d5 e5 15.e4 Bc8 16.Bd3 Nf6
17.h3 Rb8 18.a4 Nh5 19.Ne2 Bd7 20.Ra1 Kh7 21.b4 cxb4 22.Qxb4 g6 23.Rdb1 Re8
24.a5 b5 25.cxb5 Bxb5 26.Qd2 Bxd3 27.Qxd3 Nf6 28.Nd2 Rxb1+ 29.Qxb1 Qa8 30.Nc4 Qc8
31.Nb6 Qc5 32.Qd3 Bd8 33.Ng3 h5 34.Nf1 Bxb6 35.axb6 Qxb6 36.Rxa6 Qb4 37.f3 h4
38.Qa3 Qxa3 39.Rxa3 Kg7 40.Ra6 Rd8 41.Ne3 Ne8 42.Nc4 f5 43.Kf2 Kf6 44.Rb6 Kg5
45.Ke3 Ra8 46.Nxd6 Ra3+ 47.Kf2 Ra2+ 48.Kf1 Nxd6 49.Rxd6 fxe4 50.fxe4 Ra4
51.Rb6 Rxe4 52.Kf2 Rd4 53.d6 Kf5 54.Ke3 g5 55.Ra6 Rd5 56.Rb6 e4 57.Rb3 Ke5
58.d7 Rxd7 59.Rb5+ Rd5 60.Rb3 Ra5 61.Rc3 Kf5 62.Rb3 Ra2 63.Rb5+ Kg6 64.Kxe4 Rxg2
65.Rb3 Rf2 66.Rb6+ Kh5 67.Ra6 Rb2 68.Ra3 Rg2 69.Rb3 Rf2 70.Rb5 Re2+ 71.Kd4 Rg2
72.Rb3 Rg3 73.Re3 g4 74.Re5+ Kg6 75.hxg4 h3 76.Re1 Kg5 77.Ke4 Kxg4 78.Rh1 Rg2  0-1

[Event "ROM-ch (Women)"]
[Site "ROM"]
[Date "1994.??.??"]
[Round "?"]
[White "Belc Popovici, Daniela"]
[Black "Iosif, Cristina S"]
[Result "0-1"]
[WhiteElo "2070"]
[BlackElo "2220"]

1.d4 Nf6 2.c4 e6 3.Nf3 b6 4.a3 Bb7 5.Nc3 d5 6.Qc2 dxc4 7.e4 c5 8.dxc5 Bxc5
9.Bxc4 Qc7 10.Nb5 Qc6 11.e5 Ng4 12.Qe2 Bxf2+ 13.Kf1 O-O 14.h3 Ne3+ 15.Kxf2 Nxc4
16.Nc3 Qc5+ 17.Kg3 Nd7 18.Ne4 Bxe4 19.Qxe4 Ncxe5 20.Bf4 Nxf3 21.Qxf3 Nf6
22.Rac1 Qf5 23.Rc4 b5  0-1

[Event "ROM-chT"]
[Site "ROM"]
[Date "1994.??.??"]
[Round "?"]
[White "Atalik, Suat"]
[Black "Golod, Vitali"]
[Result "1/2-1/2"]
[WhiteElo "2530"]
[BlackElo "2510"]

1.d4 Nf6 2.c4 e6 3.Nf3 b6 4.a3 Ba6 5.Qc2 c5 6.d5 exd5 7.cxd5 g6 8.Nc3 Bg7
9.g3 O-O 10.Bg2 d6 11.O-O b5 12.b4 Nbd7 13.Rb1 Rc8 14.Qa2 Re8 15.Bb2 Bb7
16.Ng5 Qb6 17.bxc5 Nxc5 18.Ba1 a6 19.a4 h6 20.Nh3 Qa5  1/2-1/2

[Event "ROM-chT"]
[Site "ROM"]
[Date "1994.??.??"]
[Round "?"]
[White "Belc Popovici, Daniela"]
[Black "Radu, Stefan"]
[Result "1-0"]
[WhiteElo "2110"]
[BlackElo "2240"]

1.d4 Nf6 2.c4 e6 3.Nf3 b6 4.a3 Bb7 5.Nc3 d5 6.Bg5 Be7 7.Qc2 Nbd7 8.e3 O-O
9.cxd5 exd5 10.Bd3 c5 11.O-O h6 12.Bh4 Re8 13.Rad1 a6 14.Bf5 c4 15.Ne5 Nf8
16.f4 Qc7 17.g4 N6d7 18.Bg3 Nxe5 19.fxe5 Qd8 20.Qg2 Bg5 21.Rf3 Ne6 22.Rdf1 Qd7
23.e4 Be7 24.Be1 Rf8 25.Qc2 g6 26.Kg2 Kg7  1-0

[Event "ROM-chT"]
[Site "ROM"]
[Date "1994.??.??"]
[Round "?"]
[White "Golod, Vitali"]
[Black "Florescu, Codrut"]
[Result "1-0"]
[WhiteElo "2510"]
[BlackElo "2410"]

1.d4 Nf6 2.c4 e6 3.Nf3 b6 4.a3 Bb7 5.Nc3 d5 6.cxd5 Nxd5 7.Bd2 Nd7 8.Qc2 c5
9.e4 Nxc3 10.Bxc3 cxd4 11.Nxd4 Be7 12.Rd1 a6 13.Bc4 Qc8 14.Nxe6 Qxc4 15.Nxg7+ Kd8
16.Rd4 Qc6 17.O-O Ra7 18.Rfd1 Ba8 19.Nf5 Rg8 20.Nd6 Rc7 21.Qd3 Rg6 22.Bb4 Bxd6
23.Bxd6 Ra7 24.Bg3 Ke7 25.Bd6+ Ke8 26.Qh3 h6 27.Qf5 Qb5 28.Rc1 Rxd6 29.Rxd6 Qxf5
30.exf5 Nc5 31.f6 Rd7 32.Rxb6 Rd8 33.h4 Nd3 34.Rd1 Be4 35.Rxa6 Kf8 36.f3 Bg6
37.h5 Bh7 38.Rd2 Kg8 39.Rc6 Bf5 40.g4 Bc8  1-0

[Event "ROM-chT"]
[Site "ROM"]
[Date "1994.??.??"]
[Round "?"]
[White "Ionescu, Constantin"]
[Black "Brodsky, Michail"]
[Result "1/2-1/2"]
[WhiteElo "2440"]
[BlackElo "2500"]

1.d4 Nf6 2.c4 e6 3.Nf3 b6 4.a3 Ba6 5.Qc2 c5 6.dxc5 Bxc5 7.Bg5 h6 8.Bh4 Nc6
9.e3 Be7 10.Qa4 Bb7 11.Nc3 O-O 12.Be2 Rc8 13.O-O Na5 14.Nd4 a6 15.Rac1 d5
16.cxd5 b5 17.Qd1 Nxd5 18.Bxe7 Nxe7 19.b4 Nc4 20.a4 Nb2  1/2-1/2

[Event "Sala op"]
[Site "Sala"]
[Date "1994.??.??"]
[Round "4"]
[White "Golod, Vitali"]
[Black "Tibensky, Robert"]
[Result "1-0"]
[WhiteElo "2510"]
[BlackElo "2410"]

1.d4 Nf6 2.c4 e6 3.Nf3 b6 4.a3 Ba6 5.Qc2 Bb7 6.Nc3 c5 7.e4 cxd4 8.Nxd4 Bc5
9.Nb3 Nc6 10.Bd3 O-O 11.Bg5 h6 12.Bh4 g5 13.Bg3 e5 14.Qd1 d6 15.Nd5 Nd4 16.h4 Nxb3
17.Nxf6+ Qxf6 18.Qxb3 Kg7 19.Qc2 Bd4 20.Qe2 Bc8 21.O-O-O Be6 22.Kb1 a6 23.Rh2 Qe7
24.f3 f6 25.Rdh1 Rh8 26.Be1 Rac8 27.g3 Qc7 28.hxg5 fxg5 29.Bd2 Qf7 30.f4 exf4
31.gxf4 gxf4 32.Rg2+ Kf8 33.Bxf4 Ke7 34.Rf1 Qe8 35.e5 d5 36.Rg7+ Kd8 37.Be3 Bxe3
38.Qxe3 Rc5 39.cxd5 Bxd5 40.Rf6 Qh5 41.Rg1 Re8 42.e6 Qh2 43.e7+ Rxe7 44.Rf8+ Kd7
45.Bf5+ Kc6 46.Rf6+ Kb5 47.Bd3+ Ka5 48.Qd4 Qd2 49.b4+ Ka4 50.Bb5+ axb5 51.Qxd2 Be4+
52.Kb2  1-0

[Event "San Sebastian op"]
[Site "San Sebastian"]
[Date "1994.??.??"]
[Round "5"]
[White "Lakunza, Juan Carlos"]
[Black "Kurajica, Bojan"]
[Result "0-1"]
[WhiteElo "2265"]
[BlackElo "2565"]

1.d4 Nf6 2.Nf3 e6 3.c4 b6 4.a3 Bb7 5.Nc3 d5 6.cxd5 exd5 7.Bg5 Be7 8.e3 O-O
9.Bd3 c5 10.O-O Nbd7 11.Rc1 Ne4 12.Bf4 Nxc3 13.Rxc3 c4 14.Bb1 b5 15.Ne5 Nf6
16.Rc1 a5 17.Ng4 Nxg4 18.Qxg4 Bc8 19.Qg3 Bh4 20.Qf3 Bb7 21.Be5 Ra6 22.Qg4 g6
23.f4 f5 24.Qe2 Bc8 25.b3 Ra7 26.a4 cxb3 27.Qxb5 Ba6 28.Qc5 Qd7 29.Bd6 Bxf1
30.Qxd5+ Rf7 31.Kxf1 Be7 32.Rc6 Bxd6 33.Rxd6 Qxa4 34.Rd8+ Kg7 35.Qe5+ Kh6
36.g4 Qa1 37.g5+ Kh5 38.Qd5 Qxb1+ 39.Kf2 Qc2+  0-1

[Event "Sevilla op"]
[Site "Sevilla"]
[Date "1994.??.??"]
[Round "4"]
[White "Cramling, Pia"]
[Black "Marin, Mihail"]
[Result "1/2-1/2"]
[WhiteElo "2515"]
[BlackElo "2530"]

1.d4 Nf6 2.c4 e6 3.Nf3 b6 4.a3 Bb7 5.Nc3 d5 6.cxd5 Nxd5 7.Qc2 Be7 8.e4 Nxc3
9.bxc3 O-O 10.Bd3 c5 11.O-O Qc8 12.Qe2 Ba6 13.d5 Bxd3 14.Qxd3 c4 15.Qc2 exd5
16.exd5 Nd7 17.Rd1 Rd8 18.Bf4 Bf6 19.Nd4 Bxd4 20.Rxd4 Nc5 21.Rxc4 Rxd5 22.Be3 Qc6
23.Rd1 Qg6 24.Qe2 Rxd1+ 25.Qxd1 Ne6 26.h3 Rd8 27.Qf3 Qd3 28.Qc6 h5 29.Ra4 Qd7
30.Qxd7 Rxd7 31.Kf1 g5 32.g4 hxg4 33.hxg4 Kg7 34.Ke2 Kg6 35.Rc4 f5 36.Rc6 Re7
37.gxf5+ Kxf5 38.Rc8 Nf4+ 39.Kd2 Kg4 40.Rf8 Re5 41.Kc2 Ra5 42.Kb3 Rb5+ 43.Kc2 Ra5
44.Kb3 Rb5+ 45.Kc2 Ra5  1/2-1/2

[Event "SLO-ch U20"]
[Site "?"]
[Date "1994.??.??"]
[Round "?"]
[White "Hribar, A."]
[Black "Jazbinsek, Sebastjan"]
[Result "0-1"]
[WhiteElo "1705"]
[BlackElo "2050"]

1.d4 Nf6 2.c4 e6 3.Nf3 b6 4.a3 Bb7 5.Nc3 Be7 6.Qc2 d5 7.cxd5 exd5 8.e3 O-O
9.Bd3 Nbd7 10.O-O c5 11.b3 Rc8 12.Bb2 cxd4 13.exd4 Ne4 14.Rac1 Ndf6 15.Qe2 Nxc3
16.Rxc3 Rxc3 17.Bxc3 Ne4 18.Bb2 Bd6 19.Bxe4 dxe4 20.Nd2 Re8 21.Nc4 Bb8 22.Ne3 Qd7
23.Rc1 f5 24.Qh5 g6 25.Qg5 Qe7 26.Qh6 Rf8 27.Nc4 Bd5 28.b4 Bxc4 29.Rxc4 f4
30.Qh3 e3 31.fxe3 fxe3 32.Rc8 e2 33.Rxf8+ Kxf8 34.Qc8+ Kf7 35.Qc4+ Kf8 36.Qc8+ Kg7
37.d5+ Be5 38.Bxe5+ Qxe5 39.Qd7+ Kh6 40.Qh3+ Kg5  0-1

[Event "SLO-chT"]
[Site "?"]
[Date "1994.??.??"]
[Round "?"]
[White "Kozul, Zdenko"]
[Black "Justin, Matijaz"]
[Result "1/2-1/2"]
[WhiteElo "2575"]
[BlackElo "2405"]

1.d4 Nf6 2.Nf3 e6 3.c4 b6 4.a3 Ba6 5.Qb3 c5 6.d5 exd5 7.cxd5 d6 8.Nc3 Be7
9.g4 O-O 10.g5 Nh5 11.h4 Re8 12.Qc2 Bf8 13.Bg2 g6 14.Nh2 Bg7 15.Bf3 Nd7 16.Bxh5 gxh5
17.Ne4 Re5 18.f4 Rxd5 19.Nf3 Qe7 20.Kf2 Rd4 21.Ng3 Rc4 22.Qd1 Re8 23.Re1 Bb7
24.Qd3 Re4 25.Rb1 c4 26.Qc2 Nc5 27.Nf5 Qe6 28.Nxg7 Kxg7 29.b4 Qg4 30.Qc3+ Kg8
31.bxc5 d5 32.Qf6  1/2-1/2

[Event "St Petersburg op2"]
[Site "St Petersburg"]
[Date "1994.??.??"]
[Round "3"]
[White "Zakharevich, Igor"]
[Black "Yemelin, Vasily"]
[Result "1-0"]
[WhiteElo "2415"]
[BlackElo "2520"]

1.d4 Nf6 2.c4 e6 3.Nf3 b6 4.a3 Ba6 5.e3 d5 6.Nbd2 Be7 7.Qa4+ c6 8.cxd5 Bxf1
9.Nxf1 exd5 10.Ng3 O-O 11.O-O Qd7 12.Qc2 Rc8 13.b3 Qe8 14.Bb2 Nbd7 15.Rac1 Bd6
16.Nf5 Bb8 17.Qd3 g6 18.Ng3 Bd6 19.Nd2 a5 20.Rfe1 Qf8 21.a4 h5 22.Nf3 Qe8
23.e4 Bb4 24.Re2 dxe4 25.Nxe4 Nxe4 26.Rxe4 Qd8 27.Re2 Nf6 28.Re6 fxe6 29.Qxg6+ Kf8
30.Ng5 Qe7 31.d5 cxd5 32.Re1 Ne4 33.Rxe4 dxe4 34.Nxe6+ Qxe6 35.Qxe6 Rc7 36.Qh6+  1-0

[Event "St Petersburg op2"]
[Site "St Petersburg"]
[Date "1994.??.??"]
[Round "3"]
[White "Notkin, Maksim"]
[Black "Aseev, Konstantin N"]
[Result "1-0"]
[WhiteElo "2465"]
[BlackElo "2540"]

1.d4 Nf6 2.c4 e6 3.Nf3 b6 4.a3 Bb7 5.Nc3 d5 6.cxd5 Nxd5 7.Qc2 Nxc3 8.bxc3 c5
9.e4 Nc6 10.Bb2 Be7 11.Bd3 Rc8 12.Qe2 O-O 13.O-O cxd4 14.cxd4 Bf6 15.Rad1 Na5
16.Rfe1 Re8 17.h3 Bc6 18.d5 exd5 19.Bxf6 Qxf6 20.e5 Qe7 21.Nd4 Bd7 22.Bf5 Nc6
23.Nxc6 Rxc6 24.Qb5 Rc7 25.Bxd7 Rxd7 26.Rxd5 Rxd5 27.Qxd5 Qxa3 28.e6 Rxe6
29.Rxe6 Qc1+ 30.Kh2 Qf4+ 31.Kg1 fxe6 32.Qa8+ Qf8 33.Qxa7 Qd6 34.Qa8+ Qf8
35.Qc6 Qb8 36.Qxe6+ Kh8 37.Qc4 b5 38.Qb4 h6 39.h4 Qe5 40.Qd2 Qe7 41.Qc3 Qe4
42.g3 Qb1+ 43.Kg2 b4 44.Qe5 Kh7 45.g4 b3 46.g5 b2 47.Qe2 Kg6 48.Qe8+ Kh7
49.Qe2 Kg6 50.Qe8+ Kf5 51.Qf7+ Kg4 52.gxh6 gxh6 53.f3+ Kxh4 54.Qf4+  1-0

[Event "St Petersburg op2"]
[Site "St Petersburg"]
[Date "1994.??.??"]
[Round "5"]
[White "Kornev, Alexei"]
[Black "Zaitsev, Igor A"]
[Result "1/2-1/2"]
[WhiteElo "2330"]
[BlackElo "2460"]

1.d4 Nf6 2.c4 e6 3.Nf3 b6 4.a3 d5 5.Nc3 Be7 6.Qa4+ Bd7 7.Qb3 Nc6 8.cxd5 Na5
9.Qc2 exd5 10.Bg5 O-O 11.e3 Be6 12.b4 Nc4 13.Bxc4 dxc4 14.Ne5 Qe8 15.O-O b5
16.e4 c6 17.Rad1 a5 18.Qb2 axb4 19.axb4 Nxe4 20.Nxe4 f6 21.f4 Ra4 22.Nc5 Bxc5
23.dxc5 fxg5 24.fxg5 Rxf1+ 25.Rxf1 Bd5 26.h4 Ra7 27.Qd4 Ra2 28.Rf2 Rxf2 29.Kxf2 Qf8+
30.Kg3 Qf5 31.Qe3 Qc2 32.Nf3 Qe4 33.Qa3 Qe8 34.Qc3 Qe4 35.Qa1 Kf7 36.h5 Qe7
37.Qb1 Qc7+ 38.Kf2 Bxf3 39.Qf5+ Kg8 40.gxf3 Qh2+ 41.Ke3 Qg1+ 42.Ke2  1/2-1/2

[Event "St Petersburg op2"]
[Site "St Petersburg"]
[Date "1994.??.??"]
[Round "5"]
[White "Korotylev, Alexey"]
[Black "Zakharov, Alexander S"]
[Result "1/2-1/2"]
[WhiteElo "2430"]
[BlackElo "2240"]

1.d4 Nf6 2.c4 e6 3.Nf3 b6 4.a3 Bb7 5.Nc3 d5 6.Bg5 Be7 7.Qa4+ c6 8.Bxf6 Bxf6
9.cxd5 exd5 10.g3 O-O 11.Bg2 Nd7 12.O-O Re8 13.Rfd1 g6 14.Rac1 Bg7 15.e3 Qb8
16.Ne1 Qd6 17.Nd3 a5 18.Qc2 Ba6 19.Bf1 Rac8 20.Nf4 Bxf1 21.Kxf1 Bh6 22.Nce2 Nf6
23.Qb3 Rb8 24.Qa4 Rec8 25.Rc2 Rb7 26.Kg1 Rbc7 27.Qb3 Nd7 28.Rdc1 b5 29.a4 b4
30.h4 Bf8 31.Qd3 c5 32.Qb5 Nb6 33.dxc5 Rxc5 34.Rxc5 Rxc5 35.Rxc5 Qxc5 36.Qxc5 Bxc5
37.b3 Bd6 38.Nd3 Nd7 39.Nd4 Kg7 40.Kg2 Nc5 41.Nxc5 Bxc5 42.Nc6 Bb6 43.Ne5 Ba7
44.g4 h5 45.gxh5 gxh5 46.Nd3 Bb8 47.Kf3 f5 48.Nc1 Be5 49.Ne2 Kg6 50.Nd4 Kf6
51.Nc6 Bc7 52.Ke2 Bb6 53.Kf3 Bc7 54.Na7 Bb6 55.Nc6 Bc7 56.Ke2 Bb6 57.f3 Ke6
58.Kd3 Bc7 59.Nd4+ Kf6 60.Ne2 Ke6 61.Nd4+ Kf6  1/2-1/2

[Event "St Petersburg op2"]
[Site "St Petersburg"]
[Date "1994.??.??"]
[Round "5"]
[White "Tunik, Gennady"]
[Black "Aseev, Konstantin N"]
[Result "1/2-1/2"]
[WhiteElo "2450"]
[BlackElo "2540"]

1.d4 Nf6 2.c4 e6 3.Nf3 b6 4.a3 Bb7 5.Nc3 d5 6.Bg5 Be7 7.Qa4+ Bc6 8.Qb3 dxc4
9.Qxc4 O-O 10.e3 Bb7 11.Rd1 Nbd7 12.Be2 Qc8 13.O-O c5 14.Qa2 h6 15.Bh4 Nd5
16.Bxe7 Nxe7 17.Rc1 Qb8 18.Rfd1 Rd8 19.b4 cxd4 20.Nxd4 Nf6 21.a4 Qe5 22.a5 Ned5
23.Nxd5 Bxd5 24.Qa1 Rac8 25.Rxc8 Rxc8 26.Rc1 Rxc1+ 27.Qxc1 Qd6 28.Qc8+ Kh7
29.Qc3 Ne4 30.Bd3 f5 31.Bxe4 Bxe4 32.f3 Bd5 33.a6 b5 34.Nxb5 Qxa6 35.Nd4 Qa2
36.h3 Qc4 37.Qd2 Kg6 38.g4 fxg4 39.hxg4 Kf7 40.Kf2 e5 41.Nf5 Qa2 42.Qxa2 Bxa2
43.Nd6+ Kf6 44.f4  1/2-1/2

[Event "St Petersburg op2"]
[Site "St Petersburg"]
[Date "1994.??.??"]
[Round "6"]
[White "Notkin, Maksim"]
[Black "Zagrebelny, Sergey"]
[Result "1/2-1/2"]
[WhiteElo "2465"]
[BlackElo "2515"]

1.d4 Nf6 2.c4 e6 3.Nf3 b6 4.a3 d5 5.Nc3 Be7 6.Bg5 O-O 7.e3 Bb7 8.Bd3 dxc4
9.Bxc4 Nbd7 10.O-O h6 11.Bh4 c5 12.dxc5  1/2-1/2

[Event "St Petersburg op"]
[Site "St Petersburg"]
[Date "1994.??.??"]
[Round "6"]
[White "Ivanov, Sergey"]
[Black "Anastasian, Ashot"]
[Result "1/2-1/2"]
[WhiteElo "2505"]
[BlackElo "2545"]

1.d4 Nf6 2.c4 e6 3.Nf3 b6 4.a3 Bb7 5.Nc3 d5 6.cxd5 Nxd5 7.Nxd5 Qxd5 8.g3 Nc6
9.Bg2 Nxd4 10.Nh4 Qa5+ 11.b4 Bxb4+ 12.axb4 Qxa1 13.Bxb7 Rd8 14.Kf1 O-O 15.Kg2 a5
16.Qd3 Qa4 17.Bg5 f6 18.Be4 fxg5 19.Bxh7+ Kh8 20.Ng6+ Kxh7 21.Nxf8+ Kg8 22.Qh7+ Kxf8
23.Qh8+ Ke7 24.Qxg7+ Ke8 25.Qh8+ Kd7 26.Qxd4+ Kc8 27.Qe4 axb4 28.Rb1 c5 29.Ra1 Qxa1
30.Qc6+ Kb8 31.Qxb6+ Ka8 32.Qxd8+ Kb7 33.Qd7+ Kb6 34.Qd6+  1/2-1/2

[Event "St Petersburg op2"]
[Site "St Petersburg"]
[Date "1994.??.??"]
[Round "8"]
[White "Notkin, Maksim"]
[Black "Tunik, Gennady"]
[Result "1/2-1/2"]
[WhiteElo "2465"]
[BlackElo "2450"]

1.d4 Nf6 2.c4 e6 3.Nf3 b6 4.a3 Ba6 5.Qc2 Bb7 6.Nc3 c5 7.e4 cxd4 8.Nxd4 d6
9.Be2 Nbd7 10.O-O a6 11.Be3 Be7 12.Rac1 O-O 13.Rfd1 Qc7 14.f3 Rfc8 15.Bf1 Qd8
16.Qf2 Rab8 17.b4 Qe8 18.Nb3 Ba8 19.Kh1 h6 20.Rc2 Ne5 21.Bxb6 Nxc4 22.Bxc4 Rxc4
23.Na5 Rxc3 24.Rxc3 Bxe4 25.Ba7 Ra8 26.Rdc1 Bg6 27.Nc6 Nd5 28.Nxe7+ Qxe7
29.Rc8+ Rxc8 30.Rxc8+ Kh7 31.Be3 Qd7 32.Ra8 Qa4 33.Bd2 Nc7 34.Rc8 Nb5 35.h3 Qxa3
36.Qb6 Qa1+ 37.Kh2 Qe5+ 38.Kh1 Qa1+ 39.Kh2 Qe5+  1/2-1/2

[Event "St Petersburg op2"]
[Site "St Petersburg"]
[Date "1994.??.??"]
[Round "9"]
[White "Notkin, Maksim"]
[Black "Sakaev, Konstantin"]
[Result "1/2-1/2"]
[WhiteElo "2465"]
[BlackElo "2555"]

1.d4 Nf6 2.c4 e6 3.Nf3 b6 4.a3 Ba6 5.Qc2 Bb7 6.Nc3 c5 7.e4 cxd4 8.Nxd4 Bc5
9.Nb3 Nc6 10.Bf4 e5 11.Bg5 h6 12.Bh4 Be7 13.O-O-O a5 14.Nb5 O-O 15.Nd2 Rc8
16.Qd3 Ba6 17.Kb1 Nxe4 18.Qxe4 Bxh4 19.Bd3 g6 20.Nd6 Rc7 21.Nf3 Bf6 22.h4 Qe7  1/2-1/2

[Event "Rilton Cup9495"]
[Site "Stockholm"]
[Date "1994.??.??"]
[Round "4"]
[White "Cramling, Pia"]
[Black "Sjoberg, Mats"]
[Result "1-0"]
[WhiteElo "2520"]
[BlackElo "2435"]

1.d4 Nf6 2.c4 e6 3.Nf3 b6 4.a3 Ba6 5.Qc2 Bb7 6.Nc3 c5 7.e4 cxd4 8.Nxd4 d6
9.Be2 Be7 10.Be3 a6 11.O-O Nbd7 12.f4 Qc8 13.b4 O-O 14.g4 Ra7 15.g5 Ne8 16.Rac1 Ba8
17.Bg4 Rc7 18.Qe2 Kh8 19.Nxe6 fxe6 20.Bxe6 b5 21.Nd5 Bxd5 22.cxd5 Qd8 23.Qh5 Rxc1
24.Rxc1 Nc7 25.Bf7 Ne8 26.Bg6 Nef6 27.gxf6 Nxf6 28.Qh3 Kg8 29.Bf5 Qb8 30.Bd4 h6
31.Rc3 Bd8 32.Rc8 Qb7 33.Be6+ Kh7 34.Rc6 Ne8 35.Qg4 Bf6 36.Bf5+ Kh8 37.Be3 Qf7
38.Be6 Qe7 39.Qg6 Bb2 40.Bf5 Nf6  1-0

[Event "Rilton Cup9495"]
[Site "Stockholm"]
[Date "1994.??.??"]
[Round "8"]
[White "Cramling, Pia"]
[Black "Lindberg, Bengt"]
[Result "1/2-1/2"]
[WhiteElo "2520"]
[BlackElo "2335"]

1.d4 Nf6 2.c4 e6 3.Nf3 b6 4.a3 Ba6 5.Qc2 Bb7 6.Nc3 c5 7.e4 cxd4 8.Nxd4 Bc5
9.Nb3 Nc6 10.Bg5 h6 11.Bh4 Nd4 12.Nxd4 Bxd4 13.O-O-O Be5 14.Bd3 Qb8 15.Kb1 O-O
16.Bg3 Rc8 17.Rhe1 d6 18.Bxe5 dxe5 19.Bf1 a6 20.f3 Bc6 21.Rd2 Ra7 22.Red1 Rb7
23.Na2 a5 24.Nc3 Nd7 25.Rd6 Qa8 26.Qf2 Nc5 27.Qg3 f6 28.Qe1 a4 29.g3 Re7
30.Bh3 Rf8 31.Qe3 f5 32.exf5 Bxf3 33.Re1 exf5 34.Nd5 Bxd5 35.Rxd5 Qb8 36.Rxe5 Rxe5
37.Qxe5 Qxe5 38.Rxe5 f4 39.gxf4 Rxf4 40.Re8+ Kf7 41.Rb8 Rf6 42.Bg2 g5 43.Bd5+ Kg6
44.Kc2 Kh5 45.Kc3 Kh4 46.Re8 Kh3 47.Re2 g4 48.Kb4 Rf3 49.Bxf3 gxf3 50.Re3 Kg2
51.Kb5 f2 52.Re2 Nd7 53.Kxa4 h5 54.Kb5 Kg1 55.Rxf2 Kxf2 56.b4 h4 57.a4 h3
58.a5 bxa5 59.bxa5 Nb8 60.a6 Nxa6 61.Kxa6 Kg2 62.c5 Kxh2 63.c6 Kg2 64.c7 h2
65.c8=Q h1=Q  1/2-1/2

[Event "SVK-chT"]
[Site "?"]
[Date "1994.??.??"]
[Round "?"]
[White "Likavsky, Tomas"]
[Black "Debnar, Lubos"]
[Result "1-0"]
[WhiteElo "2240"]
[BlackElo "2270"]

1.d4 Nf6 2.c4 e6 3.Nf3 b6 4.a3 Bb7 5.Nc3 d5 6.cxd5 Nxd5 7.Bd2 Be7 8.Qc2 O-O
9.e4 Nxc3 10.Bxc3 Nd7 11.O-O-O c5 12.Bb5 a6 13.Bxd7 Qxd7 14.dxc5 Qb5 15.cxb6 Rac8
16.Nd4 Qxb6 17.f4 f5 18.exf5 exf5 19.Qb3+ Qxb3 20.Nxb3 Bxa3 21.bxa3 Rxc3+
22.Kb2 Re3 23.Rhe1 Rxe1 24.Rxe1 Bxg2 25.Nc5 Rf6 26.Re7 Bd5 27.Kc3 Rh6 28.Kd4 Be4
29.Ne6 Rg6 30.Ke5 h6 31.Kd6 Rg2 32.Rc7 Rxh2 33.Rxg7+ Kh8 34.Rg6 Bd3 35.Ke7 Bc4
36.Nd4 Kh7 37.Kf6 Rb2 38.Rg7+ Kh8 39.Rd7  1-0

[Event "SWE-chT 9394"]
[Site "SWE"]
[Date "1994.??.??"]
[Round "6"]
[White "Sjodahl, Pontus"]
[Black "Astrom, Robert"]
[Result "0-1"]
[WhiteElo "2375"]
[BlackElo "2305"]

1.d4 Nf6 2.c4 e6 3.Nf3 b6 4.a3 Bb7 5.Nc3 d5 6.cxd5 Nxd5 7.Qa4+ c6 8.Nxd5 Qxd5
9.g3 Nd7 10.Bg2 Bd6 11.O-O Qb5 12.Qc2 c5 13.Be3 Bd5 14.Rac1 O-O 15.dxc5 bxc5
16.Ng5 Nf6 17.Bxd5 exd5 18.Bxc5 Bxc5 19.Qxc5 Qxe2 20.Rc2 Qg4 21.Qe3 Rfe8
22.Qf4 Qxf4 23.gxf4 h6 24.Nh3 a5 25.Rd1 Re4 26.Kg2 Rb8 27.Rd3 g6 28.b3 Re1
29.Rc5 Rb1 30.Rxa5 R8xb3 31.Rxb3 Rxb3 32.Ra4 Kg7 33.Ng1 Ne4 34.Rd4 Rb2 35.Nh3 Nf6
36.a4 Ra2 37.Ng1 Kf8 38.Kf3 Ke7 39.Ne2 Ra3+ 40.Kg2 Kd6 41.f3 Ra2 42.Kf2 Kc5
43.Rd1 Rxa4 44.Rd2 Rb4 45.Nc1 Kd6 46.Nd3 Rd4 47.Ke3 Ra4 48.Nb2 Ra3+ 49.Nd3 Nh5
50.Ke2 Ra4 51.Ke3 Ng7 52.Rb2 Ne6 53.Rb6+ Kc7 54.Rb2 Ra3 55.Kd2 Nd4 56.Rb4 Ra2+
57.Kd1 Nxf3 58.Nc5 Kc6 59.Nb3 Rxh2 60.Rb8 d4 61.Rd8 Kc7 62.Rd5 h5 63.f5 h4  0-1

[Event "SWE-chT 9394"]
[Site "SWE"]
[Date "1994.??.??"]
[Round "9"]
[White "Eriksson, Mats"]
[Black "Schneider, Lars Ake"]
[Result "1-0"]
[WhiteElo "2225"]
[BlackElo "2455"]

1.d4 Nf6 2.Nf3 e6 3.c4 b6 4.a3 Bb7 5.Nc3 d5 6.cxd5 exd5 7.g3 Be7 8.Bg2 O-O
9.O-O c5 10.Ne5 Na6 11.Bg5 Ne4 12.Bxe7 Qxe7 13.e3 Nc7 14.Rc1 Rfd8 15.Re1 Ne6
16.Qa4 Qf6 17.Re2 cxd4 18.exd4 Rac8 19.Rd1 Rxc3 20.Bxe4 Rc7 21.Bg2 a6 22.h4 h6
23.Re3 b5 24.Qb3 Qf5 25.Qb4 Qc2 26.Rde1 Rdc8 27.Bh3 a5 28.Qxb5 Nxd4 29.Qxa5 f5
30.Qb6 Qd2 31.Ng6 Nf3+ 32.Kf1 Nxe1 33.Qe6+ Rf7 34.Ne7+ Kh8  1-0

[Event "Wch U12"]
[Site "Szeged"]
[Date "1994.??.??"]
[Round "2"]
[White "Bacrot, Etienne"]
[Black "Guliev, Sarhan"]
[Result "1-0"]
[WhiteElo "2255"]
[BlackElo "2470"]

1.d4 Nf6 2.c4 e6 3.Nf3 b6 4.a3 Bb7 5.Nc3 d5 6.Bg5 Be7 7.Qa4+ Bc6 8.Qb3 dxc4
9.Qxc4 O-O 10.Bxf6 Bxf6 11.e4 Bb7 12.e5 Be7 13.Bd3 Ba6 14.Nb5 c6 15.Qc2 Bxb5
16.Bxh7+ Kh8 17.h4 Qd5 18.Be4 Qd8 19.O-O-O Nd7 20.Ng5 Rc8 21.Bg6 fxg6 22.Qxg6 Bxg5+
23.hxg5+ Kg8 24.Qxe6+ Rf7 25.g6 Qg5+ 26.Rd2 Rf8 27.Qh3 Qh6 28.gxf7+ Kxf7
29.Qxd7+  1-0

[Event "Tastrup"]
[Site "Tastrup"]
[Date "1994.??.??"]
[Round "2"]
[White "Jakobsen, Peter"]
[Black "Hamann, Svend"]
[Result "0-1"]
[WhiteElo "2270"]
[BlackElo "2355"]

1.d4 Nf6 2.c4 e6 3.Nf3 b6 4.a3 c5 5.d5 exd5 6.cxd5 d6 7.Nc3 a6 8.e4 g6 9.Bg5 Bg7
10.Nd2 O-O 11.a4 Nbd7 12.Be2 Re8 13.O-O Rb8 14.f4 Qc7 15.Kh1 h6 16.Bh4 Nh7
17.Qc2 g5 18.Bg3 gxf4 19.Bxf4 Ne5 20.Nf3 Ng6 21.Bg3 Qe7 22.Rae1 Ng5 23.Nxg5 hxg5
24.Bh5 Bd7 25.e5 Bxe5 26.Bxg6 fxg6 27.Bxe5 Bf5 28.Qd1 dxe5 29.g4 Bd7 30.Ne4 Rf8
31.d6 Qe6 32.Nxg5 Qc4 33.b3 Bc6+ 34.Kg1 Rxf1+ 35.Rxf1 Qd4+ 36.Qxd4 exd4 37.Rf7 Rd8
38.Ne6 Rxd6 39.Rg7+ Kh8 40.Rxg6 d3 41.Rh6+ Kg8  0-1

[Event "Tel Aviv ASA"]
[Site "Tel Aviv"]
[Date "1994.??.??"]
[Round "3"]
[White "Bykhovsky, Avigdor"]
[Black "Soffer, Ram"]
[Result "0-1"]
[WhiteElo "2460"]
[BlackElo "2520"]

1.d4 Nf6 2.c4 e6 3.Nf3 b6 4.a3 Ba6 5.Qc2 Bb7 6.Nc3 c5 7.e4 cxd4 8.Nxd4 Nc6
9.Nxc6 Bxc6 10.Bf4 Nh5 11.Be3 Qb8 12.Rd1 Bc5 13.Bxc5 bxc5 14.Nb5 Qe5 15.Nd6+ Ke7
16.g3 Rab8 17.Rd2 g5 18.Bg2 f5 19.O-O f4 20.Rb1 a5 21.Rc1 Nf6 22.Re1 h5 23.gxf4 gxf4
24.f3 a4 25.Ree2 Rb3 26.Qc1 h4 27.Qf1 Rg8 28.Kh1 Qh5 29.Rf2 Rg3 30.Bh3 Rgxf3
31.Qg2 Kf8 32.Rxf3 Qxf3 33.Qxf3 Rxf3 34.Bg2 Re3 35.Kg1 f3 36.Bf1 Nxe4 37.Nxe4 Rxe4
38.Kf2 Rg4 39.Rc2 Rd4 40.Ke3 Rd1 41.Bh3 e5 42.Bg4 e4 43.Rd2 Re1+ 44.Kf2 Rh1
45.Ke3 Ke7 46.Bf5 Kf6  0-1

[Event "Timisoara"]
[Site "Timisoara"]
[Date "1994.??.??"]
[Round "3"]
[White "Szuhanek, Ranko"]
[Black "Berescu, Alin"]
[Result "1/2-1/2"]
[WhiteElo "2350"]
[BlackElo "2255"]

1.d4 Nf6 2.c4 e6 3.Nf3 b6 4.a3 Bb7 5.Nc3 d5 6.cxd5 Nxd5 7.Qc2 Nxc3 8.bxc3 Be7
9.e4 O-O 10.Bd3 c5 11.O-O Nc6 12.Bb2  1/2-1/2

[Event "SVK-ch"]
[Site "Topolcianky"]
[Date "1994.??.??"]
[Round "4"]
[White "Debnar, Lubos"]
[Black "Tibensky, Robert"]
[Result "0-1"]
[WhiteElo "2270"]
[BlackElo "2410"]

1.d4 Nf6 2.c4 e6 3.Nf3 b6 4.a3 Ba6 5.Qc2 Bb7 6.Nc3 c5 7.dxc5 bxc5 8.Bf4 a6
9.e3 Be7 10.Be2 Nh5 11.Bg3 Nxg3 12.hxg3 h6 13.Rd1 Qc7 14.O-O O-O 15.g4 d6
16.Bd3 Nd7 17.Be4 Rab8 18.Rd2 Bc8 19.Rfd1 Rd8 20.Bd3 Nb6 21.Be2 Bb7 22.Ne4 Bc6
23.g5 Bxe4 24.Qxe4 Bxg5 25.Nxg5 hxg5 26.Qg4 Qe7 27.g3 g6 28.Qe4 Nc8 29.Qc2 Rd7
30.Kg2 Rdb7 31.Bf3 Rb3 32.Qe4 f5 33.Qc2 Qf6 34.Rb1 g4 35.Bc6 R3b6 36.Bd7 Na7
37.b4 Qe7 38.Ba4 Qb7+ 39.Kg1 Nc8 40.Rbd1 Qc7 41.Qb2 e5 42.Rd5 Ne7 43.Rxe5 Kf7
44.Rxc5 Qxc5 45.Qa2 Rxb4 46.axb4 Rxb4 47.Bc2 a5 48.Bd3 Kf6 49.Bf1 Qe5 50.Rd4 a4
51.Qa1 Kg7 52.Qa3 Qc5 53.Qc3 Kf7 54.Rd1 Rb3 55.Qc2 Kg7 56.e4 Rxg3+ 57.Bg2 f4
58.Qb2+ Kf7 59.Rd4 f3 60.fxg3 Nc6  0-1